| 000 | 00906cam a2200289 4500 | ||
|---|---|---|---|
| 001 | 3282330 | ||
| 003 | ARRUPE | ||
| 005 | 20140403143408.0 | ||
| 008 | 740322s1921 enkb b 000 0 eng | ||
| 010 | _a 21016148 | ||
| 035 | _a(OCoLC)ocm00838326 | ||
| 035 | _a(NNC)3282330 | ||
| 040 |
_aDLC _cNYG _dOCL _dOCLCQ _dZCU |
||
| 050 | 0 |
_aSPC DT776.R4 _bW5 1938 |
|
| 099 |
_a968.09 _aR3465 |
||
| 100 | 1 |
_aWilliams, Basil, _d1867-1950. _99776 |
|
| 245 | 1 | 0 |
_aCecil Rhodes, _cby Basil Williams. |
| 260 |
_aLondon, _bConstable and company ltd., _c1921. |
||
| 300 |
_axi, 353 p. _bfront., fold. map. _c24 cm. |
||
| 490 | 1 | _aMakers of the nineteenth century | |
| 504 | _aBibliography: p. 33l-337. | ||
| 600 | 1 | 0 |
_aRhodes, Cecil, _d1853-1902. _99777 |
| 651 | 0 |
_aSouth Africa _xPolitics and government. _99778 |
|
| 830 | 0 |
_aMakers of the nineteenth century. _99779 |
|
| 942 |
_2lcc _cMONOGRAPH |
||
| 999 |
_c120383 _d120383 |
||